• 首页
  • 本馆介绍
  • 公告通知
  • 最新文献
  • 馆藏检索
  • 电子资源
  • 读者导购
  • 参考咨询
  • 我的图书馆
  • 登录
  • 详细信息显示
  • 放入我的书架
  • 预约/预借图书
  • 作者相关作品
  • 分类相关作品
  • 丛书相关作品
  • 出版社相关作品

书目信息

  • 表格格式
  • 工作单格式
  • 卡片格式
题名:
创富心理分析
    
 
作者: 李霞 , 柳卫东 主编
分册:  
出版信息: 重庆   重庆大学出版社  1996
页数: 371页
开本: 20cm
丛书名:
单 册:
中图分类: B848.4 , B84
科图分类:
主题词: 成功心理 , 心理学
电子资源:
ISBN: 7-5624-1408-4
000 00734nam0 2200265 450
001 1534068726
005 20150126092813.50
010    @a7-5624-1408-4@dCNY16.80
100    @a20021005d1996 kemy0chiy0110 ea
101 0  @achi
102    @aCN@b510000
105    @ay z 000yy
200 1  @a创富心理分析@9chuang fu xin li fen xi@e心理运用现代通书@f李霞,柳卫东主编
210    @a重庆@c重庆大学出版社@d1996
215    @a371页@d20cm
300    @a实用心理学 心理医生(续)
517 1  @a心理医生@9xin li yi sheng
606 0  @a成功心理
606 0  @a心理学
690    @aB848.4@v5
690    @aB84@v4
701  0 @a李霞@9li xia@4主编
701  0 @a柳卫东@9liu wei dong@4主编
801  0 @aCN@bTSSF@c20150126
905    @aZUCC@dB84@eJY934
    
    创富心理分析:心理运用现代通书/李霞,柳卫东主编.-重庆:重庆大学出版社,1996
    371页;20cm
    实用心理学 心理医生(续)
    
    ISBN 7-5624-1408-4:CNY16.80
    
●
相关链接 在E读中查询图书 在五车中查询图书 在当当中查询图书 在豆瓣中查询图书


正题名:创富心理分析     索取号:B84/JY934         预约/预借

序号 登录号 条形码 馆藏地/架位号 状态 备注
1 7845095   278450953   学院路分馆/ [索取号:B84/JY934] 在馆    
唐山师范学院图书馆 欢迎您!
大连网信软件有限公司© 版权所有